000 00410nam a2200145Ia 4500
008 090122s9999 xx 000 0 und d
082 _b9428
100 _aजाधव
_bप्रल्हाद
245 _aशासन आणि आपण
600 _aजाधव
630 _aशासन आणि आपण
700 _aजाधव
730 _aशासन आणि आपण
942 _cBOOK
999 _c33505
_d33505